Save Me - Avenged Sevenfold (Lyrics) - Statistics

General Stats
  • This quiz has been taken 31 times
  • The average score is 345 of 446
Answer Stats
Answer % Correct
a
100%
i
100%
die
96%
im
96%
me
96%
save
96%
so
96%
to
96%
we
96%
all
91%
dream
91%
on
91%
only
91%
you
91%
your
91%
did
87%
he
87%
in
87%
is
87%
know
87%
my
87%
the
87%
tonight
87%
wake
87%
who
87%
(who)
87%
world
87%
can
83%
go
83%
hear
83%
it
83%
let
83%
losing
83%
some
83%
something
83%
they
83%
trapped
83%
up
83%
when
83%
dreams
78%
ever
78%
if
78%
other
78%
vile
78%
where
78%
why
78%
young
78%
as
74%
by
74%
cant
74%
day
74%
end
74%
mine
74%
no
74%
place
74%
questions
74%
same
74%
sleep
74%
sorry
74%
them
74%
then
74%
be
70%
every
70%
here
70%
light
70%
out
70%
said
70%
see
70%
we're
70%
were
70%
and
65%
close
65%
eyes
65%
left
65%
of
65%
our
65%
run
65%
set
65%
since
65%
too
65%
us
65%
use
65%
way
65%
alone
61%
been
61%
could
61%
find
61%
guiding
61%
now
61%
say
61%
shut
61%
this
61%
unknown
61%
why'd
61%
cold
57%
deep
57%
degree
57%
fate's
57%
game's
57%
help
57%
heresy
57%
how
57%
inside
57%
lips
57%
lost
57%
much
57%
stone
57%
that
57%
walk
57%
wanna
57%
just
52%
lies
52%
many
52%
mind
52%
not
52%
path
52%
pulse
52%
right
52%
years
52%
youre
52%
beauty
48%
behind
48%
lunar
48%
may
48%
moves
48%
open
48%
sanity's
48%
someday
48%
trouble's
48%
will
48%
but
43%
clear
43%
his
43%
own
43%
pictures
43%
stay
43%
through
43%
we'd
43%
yesterday
43%
begging
39%
blind
39%
crystal
39%
door
39%
dragged
39%
must
39%
those
39%
voices
39%
walked
39%
youd
39%
youll
39%
blue
35%
disguise
35%
moment
35%
seen
35%
insanity's
30%
was
30%
aaah
13%
No matching quizzes found
Score Distribution
Percent of People with Each Score
Percentile by Number Answered
Your Score History
You have not taken this quiz